000
00265nam a22001217a 4500
008
181029b xxu||||| |||| 00| 0 eng d
041
_a
eng
080
_a
721
100
_a
41
101
_a
ARK
245
_a
The Houses of James Means
_c
Efird, J.R
942
_2
udc
_c
BK
999
_c
51006
_d
51006